| 000 | 00548cab a2200205 4500 | ||
|---|---|---|---|
| 001 | WB2942-22 | ||
| 008 | 090401t1993 xxu||||| |||| 00| 0 eng d | ||
| 035 | _a(Sirsi) u67611 | ||
| 041 | _aeng | ||
| 245 | _aHigh cost of home from home | ||
| 260 | _c1993 | ||
| 350 | _a0 | ||
| 490 |
_aFinancial Times _v6 november 1993, V(1) |
||
| 520 | _aUK expatriates trying to buy a home in Britain, may have difficulty obtaining a mortgage. | ||
| 650 | _aEXPATRIATES | ||
| 650 | _aMORTGAGES | ||
| 690 | _aHOUSING | ||
| 942 | _n0 | ||
| 948 | _c04/03/1997 | ||
| 999 |
_c42312 _d42312 |
||